000 00440nam a2200169Ia 4500
008 121211t2011 xxu||||| |||| 00| 0 sin d
041 _asin
080 _aX8S31
_bRAT
100 _aRathnayaka, Yawwana Sameendra
245 _aසොඳුරු නවෝදය
246 _aSonduru Navodaya
260 _bAuthor
_aMonaragala
_c2011
300 _a264p., 18 cm
942 _cBK
999 _c73778
_d73778
003 LK-CoDNM
040 _aLK-CoDNM
_dLK-CoDNM
_eLK-CoDNM